| 000 | 00587nam a2200181 a 4500 | ||
|---|---|---|---|
| 001 | 000015927 | ||
| 005 | 20200929164215.0 | ||
| 008 | 100222s19uu dr 001 0 spa d | ||
| 040 |
_aDO-SdBNP _bspa _cBNPHU |
||
| 082 |
_axxxx _bR426 |
||
| 110 | 1 |
_aRepública Dominicana _9447 |
|
| 240 | 1 | 3 | _a[leyes, etc.] |
| 245 | 1 | 0 | _aLey de impuesto sobre la renta reglamentos para su aplicación y resolución no. 1. /. |
| 260 |
_a[Santo Domingo] : _b[s. n.]., _c198-?]. |
||
| 300 |
_a122 [52] p. ; _c21 cm. |
||
| 500 | _aDr. Donald J. Read Cabral aparece en la cubierta del libro | ||
| 049 | _aBNPD | ||
| 999 |
_c15469 _d15469 |
||